000 01131naa a22002897a 4500
001 BR8203613
003 BR-BrBNA
005 20240918175122.0
007 ta
008 230509b bl.||||| |||| 00| 0 por d
040 _aBR-BrBNA
_bpor
_cBiblioteca Nacional de Agricultura
041 _a(Pt)
072 _aP05; T00
090 _aP05 BR8203613
100 1 _aRibeiro, C.C.
111 1 _aEncontro Tecnico sobre Problemas e Oportunidades no Aproveitamento de Vinhoto
_cRio de Janeiro, RJ (Brazil)
_d15 Sep 1982
245 1 _aProblemas e oportunidades no aproveitamento do vinhoto
260 3 _aSao Paulo, SP (Brasil):
_c1982.
500 _aEncontro Tecnico sobre Problemas e Oportunidades no Aproveitamento de Vinhoto. Conferencias Sao Paulo, SP (Brasil): 1982. p. 56-60 (BR8203613-AM)P05
650 _aVINHACA
650 _aCOMBUSTIVEL
650 _aPOLUICAO
650 _aINDUSTRIALIZACAO
773 0 _tEncontro Tecnico sobre Problemas e Oportunidades no Aproveitamento de Vinhoto. Conferencias
_wP05 BR8203613
_gSao Paulo, SP (Brasil), 1982. p. 56-60
909 _a202404
_bLucia
_c55
_dLucia Elande
942 _cAM
_2AGRIS
999 _c315109
_d315109